90s babies - Popular Boy Names (2 min) - Statistics

General Stats
  • This quiz has been taken 148 times
  • The average score is 11 of 25
Answer Stats
Hint Answer % Correct
15 John
89%
12 David
72%
13 James
71%
01 Michael
68%
08 Daniel
67%
03 Matthew
65%
18 William
59%
20 Robert
56%
02 Christopher
55%
05 Jacob
54%
10 Joseph
50%
04 Joshua
49%
07 Andrew
46%
23 Alexander
41%
06 Nicholas
36%
19 Anthony
34%
14 Ryan
32%
17 Justin
31%
25 Kevin
28%
11 Brandon
26%
24 Kyle
25%
09 Tyler
23%
16 Zachary
17%
21 Jonathan
16%
22 Austin
12%
No matching quizzes found
Score Distribution
Percent of People with Each Score
Percentile by Number Answered
Your Score History
You have not taken this quiz